| 000 | 00686nam a22001337a 4500 | ||
|---|---|---|---|
| 020 | _a9280724851 | ||
| 050 |
_aKQC705 _b.A48 1997 |
||
| 100 | _aUNEP/UNDP Joint Project on Environmental Law and Institutions in Africa. | ||
| 245 |
_aCompendium of environmental laws of African countries. _bVolume 1: Framework laws and EIA regulations (2004 supplement to volume 1, 1996 edition) |
||
| 260 |
_a[Nairobi] : _b UNEP/UNDP Joint Project on Environmental Law and Institutions in Africa, _c2004 |
||
| 300 | _av. <1, 6 > ; 30 cm. | ||
| 650 |
_bEnvironmental law -- Africa, Environnement -- Droit -- Afrique, Environmental law. _vBook : International government publication : _x English |
||
| 942 | _cGEN | ||
| 999 |
_c3392 _d3392 |
||